Zgadnij rapera po nazwie piosenki (oldschool) - Statystyki

Ogólne statystyki
  • Ten quiz został rozwiązany 720 razy
  • Średni wynik to 11 z 15
Statystyki odpowiedzi
Podpowiedź Odpowiedź % Poprawnych
California White 2115
94%
Delfin Bedoes
93%
Intercontinental Bajers Białas
92%
Bestia Young Igi
89%
Candy Quebonafide
88%
Trapollo Żabson
87%
Płuca Zlepione Topami Guzior
86%
Mademoiselle Blacha
85%
Młoda Krew Zbuku
75%
Białas Solar
68%
BANGER KING Kizo
62%
San Andreas Zeamsone
51%
MODA PlanBe
49%
Millenium Sport Jan Rapowanie
44%
brum brum Mata
43%
Nie znaleziono quizów pasujących do podanych kryteriów
Rozkład punktacji
Procent ludzi z każdym wynikiem
Percentyl według liczby udzielonych odpowiedzi
Twoja historia wyników
Nie rozwiązałeś tego quizu